| 000 | 00627cab a2200217 4500 | ||
|---|---|---|---|
| 001 | WB3227-54 | ||
| 008 | 090401t1996 xxu||||| |||| 00| 0 eng d | ||
| 035 | _a(Sirsi) u50741 | ||
| 041 | _aeng | ||
| 245 | _aTurning up the heat | ||
| 260 | _c1996 | ||
| 350 | _a0 | ||
| 490 |
_aFarming News _v12 July 1996, 5(1) |
||
| 520 | _aConsiders how farming in the UK will alter if predictions about climate changes over the next 30 years are correct. | ||
| 650 | _aCLIMATE CHANGE | ||
| 650 | _aFARMING METHODS | ||
| 690 | _aENVIRONMENTAL AND LAND CONSULTANCY | ||
| 690 | _aRURAL PRACTICE | ||
| 942 | _n0 | ||
| 948 | _c04/03/1997 | ||
| 999 |
_c31668 _d31668 |
||